L'Evolució : exposició commemorativa del centenari de Darwin al Centre Cultural de la Caixa de Pensions de l'1 al 30 d'octubre de 1982 / redacció del catàleg [pel] Servei del Medi Ambient de la Diputació de Barcelona exposició commemorativa del centenari de Darwin al Centre Cultural de la Caixa de Pensions de l'1 al 30 d'octubre de 1982 / redacció del catàleg [pel] Servei del Medi Ambient de la Diputació de Barcelona
ISBN:
84-500-7853-9
Descripción Física:
[18] p. : il. col. ; 22 x 22 cm
MARC
| LEADER | 00000nam a2200000Ia 4500 | ||
|---|---|---|---|
| 001 | 12822 | ||
| 008 | 160829s9999 xx 000 0 cat d | ||
| 020 | |a 84-500-7853-9 | ||
| 080 | |a FU-15-38 | ||
| 245 | |a L'Evolució : |b exposició commemorativa del centenari de Darwin al Centre Cultural de la Caixa de Pensions de l'1 al 30 d'octubre de 1982 / redacció del catàleg [pel] Servei del Medi Ambient de la Diputació de Barcelona | ||
| 260 | |a [Barcelona] : |b Obra Social de la Caixa de Pensions, [1982] | ||
| 300 | |a [18] p. : |b il. col. ; |c 22 x 22 cm | ||
| 590 | |a Bibliografia | ||
| 650 | |a Darwin, Charles |x Aniversaris, etc. |x Exposicions |9 39606 | ||
| 650 | |a Evolució (Biologia) |x Exposicions |9 24126 | ||
| 650 | |a Evolució humana |x Exposicions |9 24127 | ||
| 710 | 1 | |a Barcelona (Catalunya : Província). |b Servei de Medi Ambient |9 53475 | |
| 710 | 2 | |a Caixa de Pensions per a la Vellesa i d'Estalvis de Catalunya i Balears |9 54857 | |
| 901 | |a Arxiu | ||
| 942 | |n 1 | ||
| 952 | |0 0 |1 0 |4 0 |6 FU1538 |7 1 |9 49114 |a Arxiu |b Arxiu |d 2016-12-01 |l 0 |o FU-15-38 |p 12822 |r 2016-12-01 00:00:00 |w 2016-12-01 |y ARXIU | ||
| 999 | |c 52951 |d 52951 | ||